The art and science of smalltalk

Αποθηκεύτηκε σε:
Λεπτομέρειες βιβλιογραφικής εγγραφής
Κύριος συγγραφέας: Lewis, Simon
Μορφή: Βιβλίο
Γλώσσα:English
Δημοσίευση: London ; New York : Prentice Hall, 1995
Σειρά:Hewlett-Packard professional books
Θέματα:
Ετικέτες: Προσθήκη ετικέτας
Δεν υπάρχουν, Καταχωρήστε ετικέτα πρώτοι!

MARC

LEADER 00000nam a2200000 i 4500
001 1/96096
008 000203s1995 eng d
020 |a 0133713458 
035 |l 10055607 
040 |a GR-MY-UA  |b gre  |e aacr 
041 0 |a eng 
082 0 |a 005.133 
100 1 |a Lewis, Simon. 
245 1 4 |a The art and science of smalltalk /  |c Simon Lewis 
260 |a London ; New York :   |b Prentice Hall,   |c 1995 
300 |a xiii, 212 p.;  |c 24 cm. 
490 1 |a Hewlett-Packard professional books 
504 |a Includes index 
650 0 0 |a Smalltalk (Computer program language) 
830 0 |a Hewlett-Packard professional books 
852 |a INST  |b SAMOS  |e 20000203  |h 005.133 LEW  |p 005300016378  |q 005300016378  |t BK  |y 0 
901 |a BIBL3-2000-1 
909 |a Σ  |b 070930 
922 |a 3ΕΛΗ  |b 199911  |c ΤΠΕΣ  |d ΠΑΠΑΣΩΤΗΡΙΟΥ 
950 |a 133-1999-07-20 
970 |a ΓΕΝΟΥΖΟΥ  |b ΧΡΥΣΑΝΘΗ  |z 2000/02/03